Loading...
| Fine Arts - Visual Fine Arts | 2 | 6 | 2 | 1 | 80 | 48 | 100.13 | 3 | 5 |
| Science - Biology | 2 | 2 | 0 | 0 | 50 | 27 | 81.00 | 0 | 4 |
| Social Science | 0 | 2 | 0 | 1 | 20 | 95 | 111.50 | 0 | 1 |
| Mythology | 0 | 2 | 0 | 1 | 20 | 119 | 133.00 | 0 | 0 |
| Geography | 1 | 0 | 0 | 0 | 15 | 86 | 86.00 | 0 | 1 |
| History - World History | 0 | 1 | 0 | 0 | 10 | 104 | 104.00 | 0 | 1 |
| History - European History | 0 | 1 | 0 | 0 | 10 | 91 | 91.00 | 0 | 0 |
| Fine Arts - Auditory Fine Arts | 0 | 1 | 0 | 0 | 10 | 101 | 101.00 | 0 | 1 |
| Literature - World Literature | 0 | 1 | 0 | 0 | 10 | 116 | 116.00 | 0 | 0 |
| Religion | 0 | 1 | 0 | 0 | 10 | 106 | 106.00 | 1 | 1 |
| History - Ancient History | 0 | 0 | 1 | 0 | -5 | 0.00 | 0 | 0 | |
| Other Academic | 0 | 0 | 1 | 0 | -5 | 0.00 | 0 | 0 | |
| History - American History | 0 | 0 | 2 | 0 | -10 | 0.00 | 0 | 0 |